000 00942nam a2200205Ia 4500
001 15967
003 GE_BSU
008 181216s||||||||xx |||||||||||||| ||und||
040 _cGE_BSU
080 _a821.353.1-32
245 _aხელეური. [ქართველი მწერლების] ახალი მოთხრობების კრებული
245 _cსარედ. კოლეგია: ალ. გომიაშვილი, ს. ჭილაია, გ. შატბერაშვილი და სხვა. მხ. ლ.გრიგოლია
260 _aთბილისი
260 _bსაბჭ. საქართველო
260 _c1966
300 _a315გვ. ; 22სმ.
653 _aქართველი მწერლების] ახალი მოთხრობების კრებული
653 _aხელეური
942 _cBK
999 _c49061
_d49061